The right way to conduct meetings, conferences and discussions (Record no. 3540)

000 -LEADER
fixed length control field nam a22 a 4500
003 - CONTROL NUMBER IDENTIFIER
control field AKMAL
005 - DATE AND TIME OF LATEST TRANSACTION
control field 20170523105421.0
008 - FIXED-LENGTH DATA ELEMENTS--GENERAL INFORMATION
fixed length control field 170523s1974 enk 00 eng d
020 ## - INTERNATIONAL STANDARD BOOK NUMBER
Terms of availability £0.35
International Standard Book Number 0716007053
040 ## - CATALOGING SOURCE
Transcribing agency AKMAL
082 04 - DEWEY DECIMAL CLASSIFICATION NUMBER
Classification number 658.456 TAY
090 20 - LOCALLY ASSIGNED LC-TYPE CALL NUMBER (OCLC); LOCAL CALL NUMBER (RLIN)
Classification number (OCLC) (R) ; Classification number, CALL (RLIN) (NR) 658.456
Local cutter number (OCLC) ; Book number/undivided call number, CALL (RLIN) TAY
100 1# - MAIN ENTRY--PERSONAL NAME
Personal name Taylor, H. M.
Fuller form of name (Helen Margaret)
9 (RLIN) 7057
245 14 - TITLE STATEMENT
Title The right way to conduct meetings, conferences and discussions
250 ## - EDITION STATEMENT
Edition statement 9th revised ed
260 ## - PUBLICATION, DISTRIBUTION, ETC.
Place of publication, distribution, etc. Kingswood :
Name of publisher, distributor, etc. Elliot Right Way Books,
Date of publication, distribution, etc. 1974
300 00 - PHYSICAL DESCRIPTION
Extent 127p ;
Dimensions 18cm +
Accompanying material Pbk
490 0# - SERIES STATEMENT
Series statement Paperfronts
504 ## - BIBLIOGRAPHY, ETC. NOTE
Bibliography, etc. note Index
650 #0 - SUBJECT ADDED ENTRY--TOPICAL TERM
Topical term or geographic name entry element Meetings
9 (RLIN) 7058
690 00 - LOCAL SUBJECT ADDED ENTRY--TOPICAL TERM (OCLC, RLIN)
Geographic subdivision 11030
Topical term or geographic name as entry element meetings
Geographic subdivision 21030
Topical term or geographic name as entry element organisation
Geographic subdivision 60030
Topical term or geographic name as entry element manuals
9 (RLIN) 7059
700 1# - ADDED ENTRY--PERSONAL NAME
Personal name Mears, A. G.
Fuller form of name (Alice Gertrude)
9 (RLIN) 7060
942 ## - ADDED ENTRY ELEMENTS (KOHA)
Source of classification or shelving scheme
Koha item type Book
Holdings
Withdrawn status Lost status Source of classification or shelving scheme Damaged status Not for loan Collection code Home library Current library Shelving location Date acquired Inventory number Total Checkouts Full call number Barcode Date last seen Price effective from Koha item type
          NON-FICTION AKMAL Melaka AKMAL Melaka PINJAMAN 23.05.2017 600749   658.456 TAY 201704583 23.05.2017 23.05.2017 Book
Pusat Sumber Maklumat Dato' Haji Sarmin Md Hussin, Akademi Kastam Diraja Malaysia, Melaka
Tel: 06-2331106 | Faks: 06-2313787